MARC details
| 000 -LEADER |
| fixed length control field |
02520cam a22004817i 4500 |
| 001 - CONTROL NUMBER |
| control field |
18340756 |
| 003 - CONTROL NUMBER IDENTIFIER |
| control field |
GZU |
| 005 - DATE AND TIME OF LATEST TRANSACTION |
| control field |
20220609100724.0 |
| 007 - PHYSICAL DESCRIPTION FIXED FIELD--GENERAL INFORMATION |
| fixed length control field |
cr cnunnn|uu|u |
| 008 - FIXED-LENGTH DATA ELEMENTS--GENERAL INFORMATION |
| fixed length control field |
141020s2015 enka b 001 0 eng d |
| 010 ## - LIBRARY OF CONGRESS CONTROL NUMBER |
| LC control number |
2014954694 |
| 015 ## - NATIONAL BIBLIOGRAPHY NUMBER |
| National bibliography number |
GBB554408 |
| Source |
bnb |
| 020 ## - INTERNATIONAL STANDARD BOOK NUMBER |
| International Standard Book Number |
9780198724469 |
| Qualifying information |
(hbk.) |
| 020 ## - INTERNATIONAL STANDARD BOOK NUMBER |
| International Standard Book Number |
0198724462 |
| Qualifying information |
(hbk.) |
| 020 ## - INTERNATIONAL STANDARD BOOK NUMBER |
| International Standard Book Number |
9780191036545 |
| 020 ## - INTERNATIONAL STANDARD BOOK NUMBER |
| International Standard Book Number |
9780198842385 |
| 020 ## - INTERNATIONAL STANDARD BOOK NUMBER |
| International Standard Book Number |
0191036544 |
| 035 ## - SYSTEM CONTROL NUMBER |
| System control number |
(OCoLC)ocn914353633 |
| 040 ## - CATALOGING SOURCE |
| Original cataloging agency |
NLE |
| Language of cataloging |
eng |
| Transcribing agency |
NLE |
| Description conventions |
rda |
| Modifying agency |
OCLCO |
| -- |
YDXCP |
| -- |
BTCTA |
| -- |
BDX |
| -- |
DHA |
| -- |
CDX |
| -- |
MOU |
| -- |
DTM |
| -- |
DGU |
| -- |
S3O |
| -- |
OCLCA |
| -- |
ERL |
| -- |
DLC |
| 042 ## - AUTHENTICATION CODE |
| Authentication code |
lccopycat |
| 050 00 - LIBRARY OF CONGRESS CALL NUMBER |
| Classification number |
BR764 |
| Item number |
.STR 2015 |
| 100 1# - MAIN ENTRY--PERSONAL NAME |
| Personal name |
Strhan, Anna, |
| Relator term |
author. |
| 245 10 - TITLE STATEMENT |
| Title |
Aliens and strangers? : |
| Remainder of title |
the struggle for coherence in the everyday lives of evangelicals / |
| Statement of responsibility, etc. |
Anna Strhan. |
| 250 ## - EDITION STATEMENT |
| Edition statement |
First edition. |
| 264 #1 - PRODUCTION, PUBLICATION, DISTRIBUTION, MANUFACTURE, AND COPYRIGHT NOTICE |
| Place of production, publication, distribution, manufacture |
Oxford, United Kingdom : |
| Name of producer, publisher, distributor, manufacturer |
Oxford University Press, |
| Date of production, publication, distribution, manufacture, or copyright notice |
2015. |
| 300 ## - PHYSICAL DESCRIPTION |
| Extent |
vii, 232 pages : |
| Other physical details |
illustrations ; |
| Dimensions |
24 cm |
| 336 ## - CONTENT TYPE |
| Content type term |
text |
| Source |
rdacontent |
| 337 ## - MEDIA TYPE |
| Media type term |
unmediated |
| Source |
rdamedia |
| 338 ## - CARRIER TYPE |
| Carrier type term |
volume |
| Source |
rdacarrier |
| 504 ## - BIBLIOGRAPHY, ETC. NOTE |
| Bibliography, etc. note |
Includes bibliographical references (pages 211-223) and index. |
| 505 0# - FORMATTED CONTENTS NOTE |
| Formatted contents note |
Modernity, faith, and the city -- Dividing the subject : embodiment, interrelationality, and ethical subjectivity -- Speaking subjects : difference, indifference, and moral fragmentation -- The listening "I" -- What does God want? : Coherence, love, and the personality of God -- Of time, the body, and the city : belief, absence, and incompleteness -- Conclusion : the conflict and tragedy of culture. |
| 648 #7 - SUBJECT ADDED ENTRY--CHRONOLOGICAL TERM |
| Chronological term |
2000-talet |
| Source of heading or term |
sao |
| 650 #0 - SUBJECT ADDED ENTRY--TOPICAL TERM |
| Topical term or geographic name entry element |
Anglicans |
| Geographic subdivision |
England |
| -- |
London |
| General subdivision |
Social conditions |
| Chronological subdivision |
21st century. |
| 650 #0 - SUBJECT ADDED ENTRY--TOPICAL TERM |
| Topical term or geographic name entry element |
Identification (Religion) |
| 650 #0 - SUBJECT ADDED ENTRY--TOPICAL TERM |
| Topical term or geographic name entry element |
Evangelicalism |
| General subdivision |
Church of England. |
| 650 #7 - SUBJECT ADDED ENTRY--TOPICAL TERM |
| Topical term or geographic name entry element |
Ekumenik. |
| Source of heading or term |
sao |
| 650 #7 - SUBJECT ADDED ENTRY--TOPICAL TERM |
| Topical term or geographic name entry element |
Anglikanska kyrkan. |
| Source of heading or term |
sao |
| 650 #7 - SUBJECT ADDED ENTRY--TOPICAL TERM |
| Topical term or geographic name entry element |
England |
| Geographic subdivision |
London |
| General subdivision |
sociala förhållanden. |
| Source of heading or term |
sao |
| 856 41 - ELECTRONIC LOCATION AND ACCESS |
| Uniform Resource Identifier |
<a href="https://shibboleth2sp.gar.semcs.net/Shibboleth.sso/Login?entityID=https%3A%2F%2Fpassport01.leeds.ac.uk%2Fidp%2Fshibboleth&target=https%3A%2F%2Fshibboleth2sp.gar.semcs.net%2Fshib%3Fdest%3Dhttp%253A%252F%252Fwww.vlebooks.com%252FSHIBBOLETH%253Fdest%253Dhttp%25253A%25252F%25252Fwww.vlebooks.com%25252Fvleweb%25252Fproduct%25252Fopenreader%25253Fid%25253DLeedsUni%252526isbn%25253D9780191036545">https://shibboleth2sp.gar.semcs.net/Shibboleth.sso/Login?entityID=https%3A%2F%2Fpassport01.leeds.ac.uk%2Fidp%2Fshibboleth&target=https%3A%2F%2Fshibboleth2sp.gar.semcs.net%2Fshib%3Fdest%3Dhttp%253A%252F%252Fwww.vlebooks.com%252FSHIBBOLETH%253Fdest%253Dhttp%25253A%25252F%25252Fwww.vlebooks.com%25252Fvleweb%25252Fproduct%25252Fopenreader%25253Fid%25253DLeedsUni%252526isbn%25253D9780191036545</a> |
| Public note |
View this book online, via VLeBooks, both on- and off-campus |
| 906 ## - LOCAL DATA ELEMENT F, LDF (RLIN) |
| a |
7 |
| b |
cbc |
| c |
copycat |
| d |
2 |
| e |
ncip |
| f |
20 |
| g |
y-gencatlg |
| 942 ## - ADDED ENTRY ELEMENTS (KOHA) |
| Source of classification or shelving scheme |
Library of Congress Classification |
| Koha item type |
Books |
| Classification part |
764 |
| Item part |
STR |
| Call number prefix |
BR |